| 000 | 00740cam a2200229 a 4500 | ||
|---|---|---|---|
| 001 | 12799528 | ||
| 005 | 20260217101310.0 | ||
| 008 | 020603s2004 maua b 001 0 eng | ||
| 020 |
_a0072466138 _qcombined ed. : alk. paper |
||
| 020 |
_a9780072466133 _q(combined ed. : alk. paper) |
||
| 050 | 0 | 0 |
_aHF5635 _b.S7838 2004 |
| 082 | 0 | 0 |
_a657/.044 _221 |
| 100 | 1 |
_aSpiceland, J. David, _d1949- |
|
| 245 | 1 | 0 |
_aIntermediate accounting / _cJ. David Spiceland, James F. Sepe, Lawrence A. Tomassini. |
| 250 | _a3rd ed. | ||
| 260 |
_aBoston : _bMcGraw-Hill/Irwin, _cc2004. |
||
| 300 |
_axxxii, 1174, 23 p. : _bcol. ill. ; _c29 gcm. |
||
| 650 | 0 | _aAccounting. | |
| 700 | 1 | _aSepe, James F. | |
| 700 | 1 | _aTomassini, Lawrence A. | |
| 942 |
_2lcc _cBK _n0 |
||
| 999 |
_c8741 _d8741 |
||